Compressed air handbook: a reference book on all phases of industrial air and gas compressors and compressed-air-powered portable tools and rock drills used by industry
שמור ב:
| פורמט: | ספר |
|---|---|
| שפה: | אנגלית |
| יצא לאור: |
Nueva York
McGraw Hill
1954
|
| מהדורה: | 2a. ed |
| נושאים: | |
| תגים: |
הוספת תג
אין תגיות, היה/י הראשונ/ה לתייג את הרשומה!
|
MARC
| LEADER | 00000nam a2200000 a 4500 | ||
|---|---|---|---|
| 001 | UCP0893 | ||
| 003 | CL-VaPUC | ||
| 008 | 990319e19540000US |||||||||||||||||eng|d | ||
| 082 | 0 | 4 | |a 621.5 |b COM |2 21 |
| 245 | 1 | 0 | |a Compressed air handbook: a reference book on all phases of industrial air and gas compressors and compressed-air-powered portable tools and rock drills used by industry |
| 250 | |a 2a. ed | ||
| 300 | |a pag. irr | ||
| 942 | |c BK | ||
| 945 | |d 19990319 00:00:00 |a lriquelm | ||
| 260 | |a Nueva York |b McGraw Hill |c 1954 | ||
| 650 | 0 | |a Aire comprimido |9 271758 | |
| 650 | 0 | |a Manuales |9 257144 | |
| 650 | 7 | |a COMPRESION |2 CL-VaPUC |9 354568 | |
| 650 | 0 | |a Compresores de aire |9 426486 | |
| 583 | |a last modification |c 19990319 00:00:00 |k Rodrigo Vera | ||
| 999 | |c 279628 |d 279626 | ||
| 952 | |0 0 |1 0 |4 0 |6 621_500000000000000_COM_1954 |7 0 |8 A |9 319243 |a BIBMEC |b BIBMEC |d 2019-11-20 |i 1328123 |o 621.5 COM 1954 |p 1328123 |r 2024-01-19 |w 2019-11-20 |y BK |k MEC | ||